| 000 | 01346naa a22003377a 4500 | ||
|---|---|---|---|
| 001 | BR7908051 | ||
| 003 | BR-BrBNA | ||
| 005 | 20240918174519.0 | ||
| 007 | ta | ||
| 008 | 230509b bl.||||| |||| 00| 0 por d | ||
| 040 |
_aBR-BrBNA _bpor _cBiblioteca Nacional de Agricultura |
||
| 041 | _a(Pt) | ||
| 072 |
_aL00; L30; L50 _b5214 _b8954 _b9410 |
||
| 090 | _aL00 BR7908051 | ||
| 100 | 1 | _aAndrade, P. de | |
| 111 | 1 |
_a2. Simposio sobre Pecuaria Leiteira _cSao Jose dos Campos, SP (Brazil) _d27-29 Nov 1979 |
|
| 245 | 1 | _aUtilizacao de concentrados para altos niveis de producao de leite | |
| 260 | 3 |
_aCampinas, SP (Brasil): _c1979. |
|
| 500 | _aLucci, C. de S.; Moura, J.C. de; Santos, J.M. dos (eds.) Anais do 2. Simposio sobre Pecuaria Leiteira Campinas, SP (Brasil): 1979. p. 66-93 (BR7908051-AM)L00 | ||
| 650 | _aGADO LEITEIRO | ||
| 650 | _aNUTRICAO ANIMAL | ||
| 650 | _aSUPLEMENTO CONCENTRADO | ||
| 650 | _aNUTRIENTE | ||
| 650 | _aDIGESTIBILIDADE | ||
| 650 | _aCURVA DE LACTACAO | ||
| 650 | _aEXIGENCIA NUTRICIONAL | ||
| 650 | _aPRODUCAO LEITEIRA | ||
| 773 | 0 |
_tAnais do 2. Simposio sobre Pecuaria Leiteira _aLucci, C. de S.; Moura, J.C. de; Santos, J.M. dos (eds.). Fundacao Cargill, Campinas, SP (Brasil) _wL00 BR7908051 _gCampinas, SP (Brasil), 1979. p. 66-93 |
|
| 909 |
_a202404 _bLucia _c55 _dLucia Elande |
||
| 942 |
_cAM _2AGRIS |
||
| 999 |
_c311703 _d311703 |
||